|
|
|
|
| LEADER |
00000nam a22000007a 4500 |
| 005 |
20181029115428.0 |
| 007 |
cr| || |||| |
| 008 |
181029s2018 es |||||s|||| 00||0 spa d |
| 020 |
|
|
|a 978-84-9148-683-1
|
| 035 |
|
|
|a 21985
|
| 040 |
|
|
|a vLex
|
| 090 |
|
|
|c 8206
|d 8206
|
| 100 |
1 |
|
|a Temsamani, Raba̕ M’Rabet
|
| 245 |
1 |
0 |
|a El estrecho de Gibraltar
|h [Recurso electrn̤ico] :
|b la proteccin̤ internacional y nacional de su medio ambiente marino /
|c Raba̕ M’Rabet Temsamani
|
| 256 |
|
|
|a Servicio en ln̕ea
|
| 260 |
|
|
|a Madrid:
|b Dykinson,
|c 2018
|
| 300 |
|
|
|a 1 recurso electrn̤ico
|
| 500 |
|
|
|a Por su naturaleza, el Estrecho de Gibraltar se enfrenta a una, cada vez mayor, degradacin̤ de su medio ambiente marino, consecuencia, entre otras, de la ausencia de un marco jurd̕ico adaptado a su particularidad. Y es que, al da̕ de hoy los estrechos utilizados para la navegacin̤ internacional, carecen de una normativa especf̕ica que responda a esta situacin̤. De hecho, podra̕ afirmarse que la CNUDM es el n︢ico tratado internacional que, de forma expresa, hace referencia en su articulado a la proteccin̤ del medio marino de los estrechos de navegacin̤ internacional. Por lo que se refiere al Estrecho de Gibraltar, cabe seąlar que la dificultad de proteger su medio ambiente aumenta debido a su ubicacin̤ geoestratǧica y a la existencia de una latente controversia de soberana̕ sobre sus aguas. Circunstancias todas ellas que dificultan la consecucin̤ de cualquier acuerdo internacional entre los Estados ribereǫs, que pueda servir de base para la fijacin̤ de un marco jurd̕ico eficaz de proteccin̤. En este contexto, sera̕ deseable que los Estados ribereǫs relegaran a un segundo plano sus disputas histr̤icas con el fin de evitar y/o disminuir el impacto de la contaminacin̤ y la degradacin̤ de sus aguas. El x̌ito de este desafo̕ podra̕ dar lugar a la conclusin̤ de un acuerdo internacional que podra̕ representar un modelo de referencia aceptable en el Derecho internacional. Sin embargo, nadie puede ignorar el hecho de que esta solucin̤ se presenta muy difc̕il en la praxis, sobre todo si tenemos en cuenta que, adems̀ de la controversia hispano-marroqu,̕ existen otros actores y sujetos jurd̕icos con intereses en el Estrecho, piňsese por ejemplo en Reino Unido (presente a travš de la colonia de Gibraltar) o en organizaciones internacionales como la Unin̤ Europea o la Organizacin̤ Mart̕ima Internacional. Junto a ellos, tambiň hay que tener en cuenta las divergentes posiciones que, en relacin̤ con el medio marino, mantienen las ONGs de la zona, las multinacionales o los Estados usuarios del Estrecho de Gibraltar. Realidad šta que hace necesario un detallado anl̀isis y un estudio en profundidad del tema.
|
| 506 |
1 |
|
|a Disponible solo en los productos indicados
|d vLex Global
|d vLex Global (Academic Edition, excluding Law Schools)
|d vLex Global (U.S. Academic Edition, Law Schools)
|d vLex Global (U.S. Academic Edition, excluding Law Schools)
|d vLex Global (Academic Edition, Law Schools)
|
| 650 |
0 |
4 |
|a Derecho del Medio Ambiente
|z Espaą
|
| 650 |
0 |
4 |
|a Derecho Internacional
|z Espaą
|
| 740 |
0 |
|
|a vLex Libros (Servicio en ln̕ea)
|
| 856 |
4 |
0 |
|u http://vlex.com/source/estrecho-de-gibraltar-la-proteccion-internacional-y-nacional-de-su-medio-ambiente-marino-21985
|z Acceso restringido
|
| 942 |
|
|
|c BOOK
|
| 999 |
0 |
|
|a Environmental Law
|
| 999 |
0 |
|
|a International Law
|